The World According to Me - Statistics

General Stats
  • This quiz has been taken 45 times
  • The average score is 23 of 196
Answers on the Map
Answers color-coded by a green-red scale on the quiz's map according to % correct below.
 
Answer Stats
Answer % Correct
Canal
45%
Cameron? That's my friend's name!
41%
A landlocked version of Peru
38%
Cats and Animes
38%
At war with a country 50X it's size
34%
Communism... in the Carribean?
34%
Dracula
34%
El... what?
34%
Baby Russia
31%
Baguette
31%
The easiest "stan" to spell
31%
Why is there a Saudi in the name? It will be well as just "Arabia"
31%
ZimBOBwe
31%
If South Africa annexes Southern Mozambique, then this country will be Lesotho 2.0
28%
Inca
28%
I remember my Social Studies teacher pronouncing it "Rhonda"
28%
I wouldn't say the last part, so call it Dji
28%
Lemurs
28%
Mount Everest
28%
My friend calls this "Tarzania"
28%
Pirate
28%
PIZZA AND PASTA! MAMMA MIA!
28%
Slovenia's twin
28%
Very patriotic and loves hamburgers
28%
Z = Zebra?
28%
America in Africa
24%
Did Argentina design this country's flag?
24%
Fjords
24%
Ice... but green?
24%
I'm pretty sure they're tired of South Africa
24%
LONGGGGGG
24%
Nordic wannabe
24%
Pyramids
24%
Should be named "Equador"
24%
Should be named "North Greece"
24%
The result of Romania and Ukraine having a child
24%
Vietnam's landlocked clone
24%
African overcrowded place... like what's so good about this country?
21%
Friends with Indonesia, but don't they argue in who has more islands?
21%
Hungary made this country hungry for Bosnia
21%
Is this Congo real or fake?
21%
Kim
21%
Lucky clover
21%
Mini Ethiopia
21%
My friend named Marshall owns isands? Cool!
21%
Neutral... or is it?
21%
Overshadowed by Belgium
21%
Panama without the canal
21%
Squid Games
21%
The capital is Kabul... or is it?
21%
The richer side of the Hispaniola feud
21%
The tiny one in North Africa
21%
Turks with menistan
21%
America named a territory after this place
17%
Ann Dorra the Explorer?
17%
Balkan control freak
17%
Futbol and bikinis
17%
Has more pyramids than the pyramid country?
17%
I feel bad for any man named "Ye"
17%
I ROCK!
17%
It's TONGA TIME!
17%
Jewish
17%
Kiwi
17%
Might be better at futbol than Brazil
17%
Mozart
17%
Place with a lot of poles
17%
Should be renamed "East Guinea"
17%
Sri Jellyfish Tempura is the capital
17%
Tall buildings
17%
The most forgotten "u" country
17%
U.S. State
17%
Very big country, more mooses and beavers than people
17%
Vodka and nesting dolls
17%
Why is this a country but there's no such thing as the country of North Africa?
17%
Angle
14%
At war with the telugu section of the site
14%
Diamonds and elephants
14%
Fast runners
14%
Guinea Jr.
14%
It's name is a Mount Fuji ripoff
14%
Komodo Dragon
14%
Oh man..
14%
People say it's similar to Mauritania, but it's not.
14%
Tacheekiatan
14%
Tacos and quesadillas
14%
This country must love y's and z's
14%
Don't say this country's name out loud
10%
I know a lot of people with this name.
10%
Junta
10%
Namaste, I guess?
10%
One of the few countries with purple on flag
10%
Pogo stick
10%
Pogo stick neighbor
10%
Poor Carribean country
10%
Q's favorite country
10%
Reggae music
10%
Saint baby skunk and nevis?
10%
Sinking, but in Oceania
10%
The larger side of the "Football War"
10%
The most ignored South American country
10%
The result of Ecuador and Guinea having a child
10%
Timbuktwo is a meme for what reason?
10%
Trident-Lovers
10%
Two headed bird.. or whatever that animal is... really?
10%
Who names an island "Barbuda"?
10%
A lot of female JetPunk users love this country
7%
Drowning but not in Oceania
7%
Friends with Turkey... that's all I've got
7%
GIGA
7%
Guinea pigs... ooh! Those are related to capybaras!
7%
Mexico ripoff
7%
Named after a religious character
7%
Poor Guyana...
7%
QM's enemy
7%
Royalty and empires
7%
Small but big mountains
7%
The newborn baby
7%
Tiny Bolivia
7%
Tiny country that used to love colonizing
7%
Upside-Down
7%
Used to be Kampuchena? Or however you spell it
7%
Wants to be the powerhouse of Asia
7%
An island... but desert. So it's a desert island
3%
Basically the size of Illinois, but with 10X people
3%
Central American misfit
3%
Didn't this country used to worship elephants?
3%
Economic crisis
3%
Great, now I want food
3%
Happy
3%
I think I'll prefer the name Nyasaland...
3%
Maracas
3%
Poor and small
3%
Serbia's puppet
3%
Split peninsula
3%
Surprisingly powerful for it's size, but in Europe
3%
The #1 soccer team in Africa
3%
The dream vacation spot for a southerner
3%
The "king" of Africa
3%
The name sounds like a name of a country that would be in Oceania, but it's not in Oceania.
3%
This country must love to run
3%
This country used to own China? Shocker
3%
Um where's the ham?
3%
WAD WAD WAD WAD WAD WAD WAD WAD
3%
Biggest in the region, but still tiny
0%
Bull friendly place
0%
Change one of the I's to a U and it'll be Djibouti's twin
0%
Checkbox?
0%
CHOCOLATE
0%
Controversial subject
0%
Diamonds... but poor as dirt
0%
Do people sing to the poor here? Probably not due to this country being rich.
0%
Elephants?
0%
European country in Africa
0%
European Union country in Antarctica
0%
Ferns
0%
Forgotten
0%
Going through as much as Venezuela
0%
Has the BEST FLAG IN THE WORLD
0%
Has this country ever sent an SOS signal to Canada?
0%
HELP! I'm being eaten!
0%
How much cars does this country really have?
0%
I am honestly confused by this country
0%
I assume they're scared of Venezuela? Right?
0%
I feel bad for the people living here tbh
0%
Ignored
0%
I have such mixed feelings about this place
0%
I know someone who met the queen of this place.
0%
I love the name of the capital.
0%
Innocent country that turned evil in Country Showdown
0%
Is it prounced "awn" or "an"?
0%
Isn't that story blogger from here?
0%
Is this a region or a country?
0%
Is this even a country?
0%
I've heard traumatizing things about this place when I was six.
0%
King of Europe
0%
Literally nobody can pronounce this first try
0%
Mines
0%
Nobody thinks this place exists
0%
Not a major ethnic group, but common in Texas
0%
Not known for beaches, but those apparently are the best part
0%
Old
0%
One of the only peaceful countries in North Africa
0%
People can drink alcohol at... 13 YEARS OLD?
0%
Random strip of land
0%
Sandwiched between two of it's own
0%
So underrated
0%
Sounds like an old band
0%
Their biggest enemy is a country 50X smaller than them
0%
Their capital has less than 600 people... I think
0%
The tiny subject of JetPunk comments (and isn't Cyprus)
0%
This country became a subject of a war? Really?
0%
This country used to be 40X it's current size? I have a hard time believing that.
0%
Too overcrowded
0%
Too small to own grenades, despite its name
0%
What happens here?
0%
Worst soccer team in 2025
0%
No matching quizzes found
Score Distribution
Percent of People with Each Score
Percentile by Number Answered
Your Score History
You have not taken this quiz